Statistiques concernant Prénoms de stars - Série 02

Cliquez ici pour prendre le quiz!

Statistiques générales

  • Ce quiz a été pris 255 fois
  • Le résultat moyen est 6 sur 10

Statistiques - réponses

NomPrénom% Correct
LanvinGérard
90%
MaraisJean
86%
ArditiPierre
83%
AnconinaRichard
71%
GiraudeauBernard
58%
BouquetMichel
51%
BourvilAndré
48%
HolgadoTicky
35%
PérierFrançois
32%
BozzuffiMarcel
24%

Distribution des résultats

Percentile par nombre de réponses

% des personnes avec chaque résultat

Votre développement - résultats

Vous n’avez pas pris ce quiz